00426nam a2200157Ia 4500008004100000020001400041082001500055100001800070245003700088250000800125260004000133300002700173500001900200600003300219650001600252240925s9999 xx 000 0 und d a471594954 a515.15 ANT aAnton, Howard 0aCalculus with Analytic Geometry  a5th aNew York:bJohn Wiley& Sonsc,1995. axi,804p.bNAfOriginal aIncludes Index aHumanities & Natural Science aMathematics